Visualizzazione normale
Vista MARC
- Hucknall Mick
di Personal Name
Records bibliografici associati: 1
001 - CONTROL NUMBER
- control field: 32495
003 - CONTROL NUMBER IDENTIFIER
- control field: IT-RoPau
005 - DATE AND TIME OF LATEST TRANSACTION
- control field: 20140701091949.0
008 - FIXED-LENGTH DATA ELEMENTS
- fixed length control field: 140701|| aca||aabn | a|a d
040 ## - CATALOGING SOURCE
- Original cataloging agency: IT-RoPau
- Transcribing agency: IT-RoPau
100 ## - HEADING--PERSONAL NAME
- Personal name: Hucknall Mick
- Miscellaneous information: Codice autore testo/musica SPICS: 28125
- Relator term: Autore testo/musica
- Name of part/section of a work: Blue - Say You Love Me - To Be Free - Someday In My Life - Broken Man - Love Has Said Goodbye Again - High Fives
670 ## - SOURCE DATA FOUND
- Source citation: Work cat.: (IT-RoPau)99295: AA.VV. 794, Blue